000 00775cam a2200241 a 4500
001 22236
003 BD-RjUL
005 20211209000801.0
008 161107r19491948dcub b 001 0 eng
035 _a(BD-RjUL)22301
035 _a(OCoLC)9136061
040 _aDLC
_cViQM-E
_dOCoLC
_dODaWU
_dOCoLC
_dDLC
_beng
041 _aeng
082 _a956
_bKIS 1949
100 1 _aKirk, George E.
_q(George Eden),
_d1911-
_968635
245 1 2 _aA short history of the Middle East :
_bfrom the rise of Islam to modern times /
_cGeorge E. Kirk.
260 _aWashington, D.C. :
_bPublic Affairs Press
_c1949.
300 _a[8], 301 p. :
_bill ;
_c23 cm.
504 _aBibliography: p. [291]-293.
651 0 _aMiddle East
_xHistory.
_968636
942 _2ddc
_cBK
999 _c22236
_d22236